| 000 | 00420nam a22001457u 4500 | ||
|---|---|---|---|
| 008 | 130405s¿1908? xxu||||| |||| 00| 0 spa d | ||
| 041 | _aspa | ||
| 100 | 1 |
_aChabot. Monseigneur _920028 |
|
| 245 | 0 | 0 |
_aLa fête des Rois dans tous les pays _cCHABOT. Monseigneur |
| 260 |
_aPithiviers: _bImpr.Moderne, _c¿1908? |
||
| 300 |
_a196 p. _c;17 cm. |
||
| 650 | 0 | 4 |
_aLiturgia _xNavidad y adviento _918909 |
| 942 | _cBK | ||
| 001 | 4310 | ||
| 999 |
_c262283 _d262283 |
||